000 00695nam a22002171 4500
001 134464
003 ES-MaACL
005 20260306063015.0
007 t|
008 070911s1973 sp ||||0| spa d
016 7 _zIND2000944349
040 _aM-BN
_bspa
_cCDM
080 _a1(042)
100 1 _aWhitehead, Alfred North,
_d1861-1947
_9116695
245 1 0 _aModos de pensamiento
_b: [conferencias y lecciones] /
_cA. N. Whitehead ; versión de M. de Mora Charles.
260 _aMadrid :
_bTaller de Ediciones Josefina Betancor,
_c1973.
300 _a195 p. ;
_c18 cm.
650 1 7 _aFilosofía
_2embne
_912802
852 _aES-MaACL
_jC-55355
_bR.87988
999 _c134464
_d134464